Teori personaliti dari perspektif Islam, timur dan barat

Bibliographic Details
Main Author: Shahabuddin Hashim
Format: Book
Published: Pahang : Pts publications & distributors Sdn Bhd , 2002
Subjects:

MARC

LEADER 00000cam a2200000 7i4500
001 0000013797
005 20050615.0
020 |a 983231142X 
040 |a INS 
090 0 0 |a BF698.   |b SH138 2002 
100 1 |a Shahabuddin Hashim 
245 1 0 |a Teori personaliti dari perspektif Islam, timur dan barat   |c Shahabuddin Hashim 
260 |a Pahang :   |b Pts publications & distributors Sdn Bhd ,   |c 2002 
300 |a ip :   |b 136p ;   |c 22cm. 
650 0 0 |a Identity (psychology) 
650 0 0 |a Personality 
650 0 0 |a Personality   |x Religious aspects   |y Islam 
999 |a 0000010912   |b BOOK   |c Open Shelf   |e Default branch